000 00635nam a2200205 a 4500
001 000012056
005 20240412074229.0
008 091104s1971 dr r 000 p spa d
040 _aDO-SdBNP
_bspa
_cBNPHU
082 _aRD861.44
_bD542s
100 1 _aVirgilio Díaz Ordóñez,
_d1895-1968
_984972
245 1 0 _aSonetos /
_cVirgilio Díaz Ordóñez.
260 _aSanto Domingo :
_bOrbitex,
_c1971.
300 _a68 p. ;
_c19 cm.
590 _aInventariado, 2018/BT
650 0 _aPoesía dominicana
_966
650 4 _aSonetos dominicanos
_910208
650 0 _aLiteratura dominicana.
_967
910 _aValidado. Control de calidad. MFF
999 _c11723
_d11723